[Event "59581 I. Budapest Open"]
[Site "Budapest, Hungary"]
[Date "2011.08.21"]
[Round "2.4"]
[White "Farkas, Richard"]
[Black "Kellerwessel, Ralf"]
[Result "1-0"]
[WhiteElo "2039"]
[BlackElo "1863"]
[PlyCount "145"]
[EventDate "2011.??.??"]
 
1. e4 e5 2. Nf3 Nc6 3. Bb5 f5 4. d3 Nf6 5. Nc3 Bb4 6. O-O O-O 7. a3 Bxc3 8.
bxc3 d6 9. Bc4+ Kh8 10. Ng5 Qe7 11. Qe2 h6 12. Nf3 fxe4 13. Nh4 Kh7 14. dxe4 g6
15. h3 Nh5 16. Qe3 Nf4 17. Nf3 Qf6 18. Kh2 g5 19. Ng1 Be6 20. Bd3 Rae8 21. Rb1
b6 22. g3 Ng6 23. Bb5 Bd7 24. f3 Re7 25. Bc4 Nd8 26. h4 Be6 27. hxg5 hxg5 28.
Be2 Nf7 29. Nh3 Bxh3 30. Kxh3 Qe6+ 31. Kg2 Kg7 32. Bd2 Rh8 33. Rh1 Ree8 34. Bb5
Rxh1 35. Rxh1 Rh8 36. Rxh8 Kxh8 37. Ba4 g4 38. Bb3 Qf6 39. fxg4 Kg7 40. Qf3
Qxf3+ 41. Kxf3 Kf6 42. Bd5 Ng5+ 43. Bxg5+ Kxg5 44. Be6 Kf6 45. Bf5 Ne7 46. Ke3
Nc6 47. Kd3 Na5 48. c4 Kg5 49. Kc3 Nc6 50. Bd7 Ne7 51. Kb4 c6 52. Kc3 Kf6 53.
Kd3 Kg5 54. Ke2 Kf6 55. Kf2 Kg5 56. Kg2 Kf6 57. Bf5 Kg5 58. Kh3 d5 59. cxd5
cxd5 60. Kg2 b5 61. Bd7 dxe4 62. Bxb5 Kxg4 63. Bd7+ Kg5 64. c4 Kf6 65. Kf2 Ng6
66. Ke3 Ke7 67. Bf5 Nf8 68. Kxe4 Kd6 69. g4 Kc5 70. Kd3 Kd6 71. g5 Ke7 72. c5
a5 73. Ke4 1-0

[Event "59581 I. Budapest Open"]
[Site "Budapest, Hungary"]
[Date "2011.08.21"]
[Round "2.5"]
[White "Szentgyorgyi, Sandor"]
[Black "Bodrogi, Laszlo"]
[Result "0-1"]
[WhiteElo "1862"]
[BlackElo "2035"]
[PlyCount "196"]
[EventDate "2011.??.??"]
 
1. e4 c5 2. Nf3 Nc6 3. d4 cxd4 4. Nxd4 Nf6 5. Nc3 d6 6. Be2 e5 7. Nb3 Be7 8.
O-O O-O 9. Kh1 Be6 10. Be3 a5 11. f4 exf4 12. Bxf4 Ne5 13. Qd4 a4 14. Nd2 a3
15. b3 Nc6 16. Qf2 Qa5 17. Nb5 Ng4 18. Qg3 Nge5 19. c4 Ng6 20. Bg5 Bxg5 21.
Qxg5 Nd4 22. Bd3 Nxb5 23. cxb5 Qc3 24. Bc4 h6 25. Qg3 Qxg3 26. hxg3 Bg4 27. Bd5
Be2 28. Rf2 Bxb5 29. Bxb7 Ra7 30. Bd5 Ne5 31. Nc4 Bxc4 32. Bxc4 Nxc4 33. bxc4
Re8 34. Re1 Rae7 35. Rf3 Rxe4 36. Rxe4 Rxe4 37. Rxa3 Rxc4 38. Ra8+ Kh7 39. Kg1
g6 40. a4 Kg7 41. a5 Kf6 42. a6 Ra4 43. a7 h5 44. Kf2 Kg5 45. Kf3 f5 46. Ke3 d5
47. Kf3 Ra3+ 48. Ke2 d4 49. Rd8 Rxa7 50. Rxd4 Ra6 51. Kf3 Kf6 52. Rc4 Ra3+ 53.
Kf2 Kg5 54. Rb4 Ra6 55. Rc4 Re6 56. Kf3 Re4 57. Rc5 Ra4 58. Rb5 Ra3+ 59. Kf2 h4
60. gxh4+ Kxh4 61. Rb4+ Kg5 62. g3 Kh5 63. Rh4+ Kg5 64. Rb4 Rd3 65. Rc4 Kf6 66.
Rc6+ Kf7 67. Rc7+ Ke6 68. Rg7 Kf6 69. Rc7 g5 70. Rc4 Ke5 71. Rb4 Rd4 72. Rb8
Rd3 73. Re8+ Kf6 74. Rf8+ Kg6 75. Kg2 Kh5 76. Rc8 Rd2+ 77. Kf3 Rd3+ 78. Kf2 Kg4
79. Rc4+ Kh3 80. Rc5 Rd2+ 81. Ke3 Rg2 82. Rxf5 g4 83. Rg5 Kxg3 84. Rg8 Ra2 85.
Rg7 Ra4 86. Rg8 Kg2 87. Ke2 g3 88. Rg7 Re4+ 89. Kd3 Re8 90. Kd2 Kf2 91. Rf7+
Kg1 92. Rg7 g2 93. Rg6 Re5 94. Rf6 Kh2 95. Rh6+ Kg3 96. Rg6+ Kf3 97. Rf6+ Kg4
98. Rg6+ Rg5 0-1

[Event "59581 I. Budapest Open"]
[Site "Budapest, Hungary"]
[Date "2011.08.21"]
[Round "2.6"]
[White "Halak, Miklos"]
[Black "Lakat, Gyula"]
[Result "1-0"]
[WhiteElo "2033"]
[BlackElo "1859"]
[PlyCount "97"]
[EventDate "2011.??.??"]
 
1. e4 c5 2. b3 d6 3. Nf3 Nc6 4. Bb5 e5 5. c3 a6 6. Bxc6+ bxc6 7. d4 cxd4 8.
cxd4 Bg4 9. Qc2 Bxf3 10. Qxc6+ Ke7 11. Qb7+ Kf6 12. gxf3 Qc8 13. dxe5+ dxe5 14.
Qb6+ Qe6 15. Qxe6+ Kxe6 16. Nd2 Bb4 17. Ke2 Bxd2 18. Bxd2 Rc8 19. Rac1 Nf6 20.
Rhg1 Nh5 21. Be3 g6 22. Rxc8 Rxc8 23. Rc1 Rxc1 24. Bxc1 f5 25. Kd3 Kd6 26. Kc4
Nf6 27. Bg5 Nd7 28. Kb4 Kc6 29. Ka5 Kb7 30. Kb4 Kc6 31. a4 fxe4 32. fxe4 Nc5
33. f3 a5+ 34. Kc4 Nb7 35. Be7 Kd7 36. Bf8 Kc6 37. b4 axb4 38. Bxb4 Nd8 39. Bc3
Nf7 40. h4 h5 41. Bd2 Nd6+ 42. Kb4 Nf7 43. Be3 Nd8 44. a5 Nf7 45. a6 Nd8 46. a7
Kb7 47. Kc5 Kxa7 48. Kd5+ Kb7 49. Kxe5 1-0

[Event "59581 I. Budapest Open"]
[Site "Budapest, Hungary"]
[Date "2011.08.21"]
[Round "2.7"]
[White "Szatmari, David"]
[Black "Szecsi, Peter"]
[Result "1-0"]
[WhiteElo "2021"]
[BlackElo "1842"]
[PlyCount "53"]
[EventDate "2011.??.??"]
 
1. e4 e6 2. d4 d5 3. Nc3 Bb4 4. e5 c5 5. a3 Bxc3+ 6. bxc3 Ne7 7. Nf3 Qc7 8. Bd3
Nbc6 9. O-O c4 10. Be2 O-O 11. a4 Nf5 12. Ba3 Re8 13. Qd2 a6 14. g4 Nfe7 15.
Qg5 Ng6 16. Ne1 Qd8 17. Qe3 f5 18. gxf5 exf5 19. Ng2 Be6 20. Kh1 Qd7 21. Rg1
Qf7 22. Bh5 f4 23. Bxg6 fxe3 24. Bxf7+ Kxf7 25. Nxe3 Ne7 26. Rab1 Bc8 27. Bxe7
1-0

[Event "59581 I. Budapest Open"]
[Site "Budapest, Hungary"]
[Date "2011.08.21"]
[Round "2.8"]
[White "Lajtos, Levente"]
[Black "Szalontay, Mihaly"]
[Result "0-1"]
[WhiteElo "1704"]
[BlackElo "1971"]
[PlyCount "28"]
[EventDate "2011.??.??"]
 
1. d4 Nf6 2. c4 e5 3. d5 Bc5 4. Nc3 e4 5. Bg5 Bxf2+ 6. Kxf2 Ng4+ 7. Ke1 Qxg5 8.
Nxe4 Qf4 9. Qd3 f5 10. Qf3 Qxe4 11. h3 Ne3 12. Qxe4+ fxe4 13. Kd2 Nxc4+ 14. Kc3
Nb6 0-1

[Event "59581 I. Budapest Open"]
[Site "Budapest, Hungary"]
[Date "2011.08.21"]
[Round "2.9"]
[White "Krizsany, Laszlo Sr"]
[Black "Kozak, Adam"]
[Result "1/2-1/2"]
[WhiteElo "1944"]
[BlackElo "1809"]
[PlyCount "53"]
[EventDate "2011.??.??"]
 
1. d4 Nf6 2. c4 c5 3. d5 b5 4. cxb5 a6 5. b6 d6 6. Nc3 g6 7. e4 Bg7 8. Bd3 Nbd7
9. Nf3 Nxb6 10. Nd2 e6 11. Nc4 exd5 12. Nxb6 Qxb6 13. exd5 O-O 14. O-O Bb7 15.
Rb1 Rfe8 16. Bc4 Nd7 17. Na4 Qc7 18. b3 Ne5 19. Bb2 Bc8 20. Qd2 Bf5 21. Rbe1
Bd7 22. Nc3 Rab8 23. Nd1 Qb7 24. Bc3 Bb5 25. Ne3 Bh6 26. f4 Nd7 27. Ng4 1/2-1/2

[Event "59581 I. Budapest Open"]
[Site "Budapest, Hungary"]
[Date "2011.08.21"]
[Round "2.10"]
[White "Matos, Balint"]
[Black "Markos, Adam"]
[Result "0-1"]
[WhiteElo "1628"]
[BlackElo "1942"]
[PlyCount "62"]
[EventDate "2011.??.??"]
 
1. e4 e6 2. d4 d5 3. Nc3 Nf6 4. e5 Nfd7 5. f4 c5 6. Nf3 Nc6 7. Be2 a6 8. Be3 b5
9. a3 Bb7 10. O-O Be7 11. Kh1 O-O 12. Qd2 cxd4 13. Nxd4 Nxd4 14. Bxd4 f5 15.
Qe3 Rc8 16. Bf3 Nc5 17. Rad1 Qe8 18. Qf2 Ne4 19. Qe3 a5 20. Qe2 b4 21. axb4
axb4 22. Bxe4 fxe4 23. Nb1 Qa4 24. Rf2 Ba6 25. Qg4 Rf5 26. Rdd2 Bc5 27. c3 e3
28. Bxc5 exd2 29. Rxd2 Rxc5 30. Qh4 bxc3 31. bxc3 Qxf4 0-1

[Event "59581 I. Budapest Open"]
[Site "Budapest, Hungary"]
[Date "2011.08.21"]
[Round "2.11"]
[White "Ruck, Robert"]
[Black "Medve, Mark"]
[Result "1-0"]
[WhiteElo "1930"]
[BlackElo "1635"]
[PlyCount "53"]
[EventDate "2011.??.??"]
 
1. e4 c5 2. Nf3 d6 3. Bb5+ Bd7 4. Bxd7+ Qxd7 5. c4 Qg4 6. O-O Qxe4 7. d4 cxd4
8. Re1 Qg4 9. h3 Qd7 10. Nxd4 Nc6 11. Nb5 e6 12. Bf4 e5 13. Bg5 a6 14. N5c3 h6
15. Be3 Nf6 16. Na4 Rd8 17. Nb6 Qc7 18. Nc3 Be7 19. Ncd5 Qb8 20. Qf3 O-O 21.
Nxf6+ Bxf6 22. Qg4 Kh8 23. Nd7 Qc7 24. Nxf6 gxf6 25. Qh4 Qe7 26. Bxh6 Kg8 27.
Qg4+ 1-0

[Event "59581 I. Budapest Open"]
[Site "Budapest, Hungary"]
[Date "2011.08.21"]
[Round "2.12"]
[White "Nebenfuhrer, Gyorgy"]
[Black "Kozma, Gabor"]
[Result "0-1"]
[WhiteElo "1605"]
[BlackElo "1927"]
[PlyCount "58"]
[EventDate "2011.??.??"]
 
1. d4 Nf6 2. Nc3 d5 3. Nf3 e6 4. Bf4 Bd6 5. Ne5 O-O 6. e3 a6 7. Be2 c5 8. b3
Qa5 9. Qd3 cxd4 10. exd4 Ne4 11. Bd2 Nxd2 12. Qxd2 Bb4 13. Qf4 Bxc3+ 14. Kf1
Nd7 15. Rd1 Nxe5 16. Qxe5 Bd7 17. a4 Rac8 18. Bd3 g6 19. h4 Qc7 20. Qe3 e5 21.
h5 e4 22. hxg6 fxg6 23. Qh6 Bg4 24. Be2 Bxe2+ 25. Kxe2 Qf7 26. Qe3 Bb4 27. Rc1
Rc3 28. Qd2 Qxf2+ 29. Kd1 Rd3 0-1

[Event "59581 I. Budapest Open"]
[Site "Budapest, Hungary"]
[Date "2011.08.21"]
[Round "2.13"]
[White "Yip, Michael"]
[Black "Kalmar, Karoly"]
[Result "1-0"]
[WhiteElo "1982"]
[BlackElo "2023"]
[PlyCount "73"]
[EventDate "2011.??.??"]
 
1. Nf3 d5 2. d4 Nf6 3. c4 dxc4 4. e3 e6 5. Bxc4 a6 6. O-O c5 7. Bb3 Nc6 8. Qe2
b5 9. dxc5 Bxc5 10. e4 Qc7 11. Bg5 Ng4 12. g3 Bb7 13. a4 b4 14. Kg2 Nge5 15.
Nbd2 Ng6 16. Rac1 Qb6 17. Nc4 Qa7 18. h4 h6 19. h5 Nge7 20. Bf4 O-O 21. Nd6
Bxd6 22. Bxd6 Rfd8 23. Bc5 Qb8 24. Rfd1 Rxd1 25. Rxd1 Qc7 26. Qe3 Re8 27. Bb6
Qb8 28. Rd7 Nc8 29. Bc7 Qa8 30. g4 N6e7 31. Bc2 Bc6 32. Rd4 Qb7 33. Ba5 Qa7 34.
Qd3 f6 35. Bb3 Kf7 36. Qc4 Bd7 37. Bc7 1-0

[Event "59581 I. Budapest Open"]
[Site "Budapest, Hungary"]
[Date "2011.08.21"]
[Round "2.14"]
[White "Vinnay, Istvan"]
[Black "Pollak, Andras"]
[Result "1/2-1/2"]
[WhiteElo "1720"]
[BlackElo "1700"]
[PlyCount "92"]
[EventDate "2011.??.??"]
 
1. c4 e6 2. d4 d5 3. Nc3 c6 4. e3 Nf6 5. Nf3 Bd6 6. Bd3 Nbd7 7. O-O Bb4 8. Bd2
Bxc3 9. Bxc3 O-O 10. Qc2 Re8 11. Rac1 Nf8 12. a3 Ng4 13. h3 Nf6 14. b4 N6d7 15.
Qb3 f5 16. b5 Nf6 17. Ne5 N8d7 18. cxd5 Nxe5 19. dxe5 Nxd5 20. bxc6 bxc6 21.
Bd4 Bd7 22. Bc5 Qg5 23. f4 Qg6 24. Qc2 Qf7 25. Rb1 Nb6 26. Rb2 Bc8 27. Rd1 Nd5
28. Rdb1 g5 29. Qf2 Rd8 30. Rd2 gxf4 31. exf4 Nc3 32. Rb3 Nd5 33. Bc4 Rd7 34.
Qh4 Kh8 35. Qf2 Qg7 36. Kh2 Qh6 37. Bxd5 cxd5 38. Rdb2 Rc7 39. Rb8 Rxb8 40.
Rxb8 Qg7 41. Bd6 Rc3 42. Bb4 Rc4 43. Bc5 Qd7 44. Rb4 Rc3 45. Rb2 a6 46. Bb4 Rc4
1/2-1/2

[Event "59581 I. Budapest Open"]
[Site "Budapest, Hungary"]
[Date "2011.08.21"]
[Round "2.15"]
[White "Farkas, Akos"]
[Black "Teglas, Balazs"]
[Result "0-1"]
[WhiteElo "1683"]
[BlackElo "2207"]
[PlyCount "62"]
[EventDate "2011.??.??"]
 
1. e4 c5 2. Nf3 g6 3. d4 Bg7 4. Nc3 Qa5 5. Bd2 cxd4 6. Nd5 Qd8 7. Bf4 d6 8. Bc4
Nc6 9. Qd2 e6 10. Nb4 Nxb4 11. Qxb4 e5 12. Bg3 Nf6 13. Bh4 O-O 14. Bxf6 Bxf6
15. h4 Qb6 16. Qxb6 axb6 17. Nd2 Bd7 18. Bd5 Rac8 19. Nc4 Be6 20. b3 Bxd5 21.
exd5 Rfd8 22. Kd2 b5 23. Nb6 Rc3 24. a4 e4 25. Rae1 Re8 26. axb5 d3 27. cxd3
Rxd3+ 28. Kc2 Rc3+ 29. Kd1 Rxb3 30. Nc4 Rxb5 31. Nxd6 Rxd5+ 0-1

[Event "59581 I. Budapest Open"]
[Site "Budapest, Hungary"]
[Date "2011.08.21"]
[Round "2.16"]
[White "Schubert, Gyula"]
[Black "Nemeth, Jozsef"]
[Result "1-0"]
[WhiteElo "2105"]
[BlackElo "1671"]
[PlyCount "49"]
[EventDate "2011.??.??"]
 
1. e4 c5 2. Nf3 d6 3. d4 cxd4 4. Qxd4 Nc6 5. Bb5 Bd7 6. Bxc6 Bxc6 7. c4 Nf6 8.
Nc3 Qa5 9. O-O Qc5 10. Qd3 g6 11. Be3 Qa5 12. h3 Bg7 13. Rab1 a6 14. b4 Qd8 15.
Rfd1 O-O 16. a4 Nd7 17. b5 axb5 18. cxb5 Bxc3 19. bxc6 Ne5 20. Qxc3 Nxf3+ 21.
gxf3 bxc6 22. Bh6 e5 23. Bxf8 Qg5+ 24. Kf1 Kxf8 25. Qxc6 1-0

[Event "59581 I. Budapest Open"]
[Site "Budapest, Hungary"]
[Date "2011.08.21"]
[Round "2.17"]
[White "Toth, Antal"]
[Black "Barabas, Attila"]
[Result "0-1"]
[WhiteElo "1668"]
[BlackElo "2001"]
[PlyCount "78"]
[EventDate "2011.??.??"]
 
1. e4 e5 2. Nf3 d6 3. d4 exd4 4. Nxd4 Nf6 5. Nc3 Be7 6. Be2 Bd7 7. O-O Nc6 8.
Be3 O-O 9. f4 Nxd4 10. Bxd4 Bc6 11. Bf3 Nd7 12. a4 Re8 13. Qd3 Bf6 14. Rad1
Bxd4+ 15. Qxd4 Qf6 16. Qxf6 Nxf6 17. Rfe1 Re7 18. e5 Bxf3 19. gxf3 Rae8 20. Nd5
Nxd5 21. Rxd5 f6 22. Re4 fxe5 23. fxe5 Rxe5 24. Rdd4 Rxe4 25. fxe4 Kf7 26. Kf2
Ke6 27. Rd5 Rf8+ 28. Ke3 g6 29. Rg5 Rf1 30. b3 Re1+ 31. Kd3 c6 32. a5 c5 33. c3
a6 34. b4 cxb4 35. cxb4 Rb1 36. Kc3 Rh1 37. b5 Rxh2 38. bxa6 bxa6 39. Kd4 Rh5
0-1

[Event "59581 I. Budapest Open"]
[Site "Budapest, Hungary"]
[Date "2011.08.21"]
[Round "2.18"]
[White "Sarkozi, Ferenc"]
[Black "Krstulovic, Alex"]
[Result "1-0"]
[WhiteElo "1939"]
[BlackElo "1597"]
[PlyCount "59"]
[EventDate "2011.??.??"]
 
1. f4 e5 2. fxe5 d6 3. Nf3 dxe5 4. e4 Bc5 5. Bc4 Bg4 6. Bxf7+ Kf8 7. Bxg8 Kxg8
8. c3 h6 9. Qe2 Nd7 10. d3 Kh7 11. Be3 Rf8 12. Nbd2 c6 13. b4 Bb6 14. O-O a5
15. a3 Rc8 16. Kh1 Qc7 17. Nc4 axb4 18. axb4 Ra8 19. Nxb6 Nxb6 20. Ng5+ hxg5
21. Qxg4 Qd8 22. Qe2 Kg8 23. Rxf8+ Qxf8 24. Rf1 Qd8 25. Qf2 Na4 26. Qf7+ Kh8
27. Rf3 g4 28. Rf5 Qh4 29. Rh5+ Qxh5 30. Qxh5+ 1-0

[Event "59581 I. Budapest Open"]
[Site "Budapest, Hungary"]
[Date "2011.08.21"]
[Round "2.19"]
[White "Kokeny, Norbert Adrian"]
[Black "Pammer-Zagroczky, Gabor"]
[Result "0-1"]
[WhiteElo "1574"]
[BlackElo "1937"]
[PlyCount "106"]
[EventDate "2011.??.??"]
 
1. e4 c5 2. d3 Nc6 3. Nf3 e5 4. g3 g6 5. Bg2 Bg7 6. Nbd2 Nge7 7. a4 a6 8. Nc4
d6 9. c3 O-O 10. O-O b6 11. Bg5 h6 12. Be3 Rb8 13. Re1 Be6 14. h3 Qd7 15. Kh2
f5 16. Na3 d5 17. Ng1 fxe4 18. dxe4 d4 19. cxd4 exd4 20. Bf4 g5 21. Bxb8 Nxb8
22. Rf1 Nbc6 23. Qe2 Ng6 24. Nc4 Qc7 25. Qc2 Nb4 26. Qc1 b5 27. axb5 axb5 28.
Na3 Qb6 29. Rd1 d3 30. f3 Bd4 31. Rf1 Qb8 32. Qd2 Be5 33. Qf2 Bd4 34. Qd2 Bd7
35. Rab1 Be5 36. Qf2 Qd6 37. Rfd1 Qe7 38. Bf1 c4 39. Rd2 h5 40. Qb6 Nh4 41. Bg2
Bb8 42. Re1 Qe5 43. Qf2 Ng6 44. Bf1 h4 45. Kh1 hxg3 46. Qb6 Nh4 47. Bg2 Bc7 48.
Qe3 Na6 49. Ne2 Nc5 50. Nc1 Na4 51. b3 Bb6 52. bxa4 Bxe3 53. Rxe3 Qf4 0-1

[Event "59581 I. Budapest Open"]
[Site "Budapest, Hungary"]
[Date "2011.08.21"]
[Round "2.20"]
[White "Zsembery, Aron"]
[Black "Moharos, Viktor"]
[Result "1-0"]
[WhiteElo "1856"]
[BlackElo "1523"]
[PlyCount "47"]
[EventDate "2011.??.??"]
 
1. e4 e6 2. d4 c6 3. Bd3 Nf6 4. Ne2 d5 5. e5 Ne4 6. f3 f5 7. fxe4 fxe4 8. Bxe4
dxe4 9. Ng3 Qh4 10. O-O Na6 11. Rf4 Qe7 12. Be3 Nb4 13. Nxe4 Qd8 14. Qh5+ Kd7
15. Rf7+ Be7 16. Na3 a5 17. c3 Nd5 18. Bg5 Kc7 19. Bxe7 Nxe7 20. Qg5 Kd7 21.
Nc5+ Ke8 22. Qxg7 Rg8 23. Raf1 Rxg7 24. Rf8# 1-0

[Event "59581 I. Budapest Open"]
[Site "Budapest, Hungary"]
[Date "2011.08.21"]
[Round "2.21"]
[White "Szoukup, Istvan"]
[Black "Mihajlova, Diana"]
[Result "1-0"]
[WhiteElo "1825"]
[BlackElo "1443"]
[PlyCount "49"]
[EventDate "2011.??.??"]
 
1. e4 d5 2. exd5 Nf6 3. c4 e6 4. dxe6 Bxe6 5. Nf3 Bc5 6. d4 Bb4+ 7. Nc3 Ne4 8.
Bd2 Nxd2 9. Qxd2 Qe7 10. Qe3 O-O 11. a3 Bxc3+ 12. bxc3 Re8 13. h3 Qd7 14. Kd2
Nc6 15. Qf4 Na5 16. d5 Nb3+ 17. Kc2 Nxa1+ 18. Kb2 Bxd5 19. cxd5 Re1 20. Nxe1
Qe7 21. Bc4 Rf8 22. Nf3 a6 23. Re1 Qc5 24. d6 cxd6 25. Qxf7+ 1-0

[Event "59581 I. Budapest Open"]
[Site "Budapest, Hungary"]
[Date "2011.08.21"]
[Round "2.22"]
[White "Schatzer, Andras"]
[Black "Karacsonyi, Gellert"]
[Result "1-0"]
[WhiteElo "1798"]
[BlackElo "1269"]
[PlyCount "61"]
[EventDate "2011.??.??"]
 
1. e4 e5 2. Nf3 Nc6 3. Bc4 Bc5 4. c3 Nf6 5. d4 exd4 6. e5 Ne4 7. Bd5 f5 8. cxd4
Bb4+ 9. Bd2 Nxd2 10. Nbxd2 d6 11. Bxc6+ bxc6 12. O-O O-O 13. Qb3+ Kh8 14. Qxb4
Ba6 15. Rfe1 Rb8 16. Qc3 Rb5 17. a4 Rd5 18. Qxc6 Ra5 19. b4 Rc5 20. bxc5 Qb8
21. Rab1 Qc8 22. cxd6 cxd6 23. Qxc8 Rxc8 24. exd6 h6 25. d7 Rd8 26. Re8+ Rxe8
27. dxe8=Q+ Kh7 28. Ne5 Bb7 29. Qg6+ Kg8 30. Rxb7 Kf8 31. Qf7# 1-0

[Event "59581 I. Budapest Open"]
[Site "Budapest, Hungary"]
[Date "2011.08.21"]
[Round "2.23"]
[White "Indig, Akos"]
[Black "Czimer, Jozsef"]
[Result "0-1"]
[WhiteElo "1373"]
[BlackElo "1750"]
[PlyCount "50"]
[EventDate "2011.??.??"]
 
1. e4 c5 2. Nf3 e6 3. Nc3 a6 4. d3 Nc6 5. d4 cxd4 6. Nxd4 Qc7 7. Be3 Nf6 8. Be2
Bb4 9. Qd3 Ne5 10. Qd1 Nxe4 11. Bd2 Nxc3 12. Bxc3 Bxc3+ 13. bxc3 Qxc3+ 14. Qd2
Qxa1+ 15. Bd1 O-O 16. c3 Nc4 17. Qd3 Nb2 18. Qd2 Qxd1+ 19. Qxd1 Nxd1 20. Kxd1
d5 21. Kd2 Bd7 22. Rb1 b5 23. Nb3 Rfc8 24. f3 e5 25. g4 a5 0-1

[Event "59581 I. Budapest Open"]
[Site "Budapest, Hungary"]
[Date "2011.08.21"]
[Round "2.26"]
[White "Horvath, Zoltan"]
[Black "Palla, Akos Botond"]
[Result "0-1"]
[WhiteElo "1513"]
[BlackElo "1824"]
[PlyCount "88"]
[EventDate "2011.??.??"]
 
1. e4 c5 2. Nf3 d6 3. d4 cxd4 4. Nxd4 Nf6 5. Nc3 g6 6. Bc4 Bg7 7. Bg5 Nc6 8.
Bb3 O-O 9. Qd2 Nxe4 10. Nxe4 Nxd4 11. O-O-O Nxb3+ 12. cxb3 Bf5 13. Rde1 Rc8+
14. Kd1 d5 15. Nc3 d4 16. Ne4 Qc7 17. Re2 d3 18. Re3 Qc2+ 19. Qxc2 dxc2+ 20.
Kc1 f6 21. Bf4 e5 22. Bg3 Bh6 23. Nd6 Rc7 24. Rhe1 Rd8 25. Nxf5 gxf5 26. Bh4
Bxe3+ 27. fxe3 Kf7 28. Bf2 Ke6 29. e4 fxe4 30. Be3 f5 31. g3 Rd1+ 32. Rxd1
cxd1=Q+ 33. Kxd1 b6 34. a3 Rf7 35. Ke2 f4 36. gxf4 exf4 37. Bg1 Rg7 38. Kf2 e3+
39. Kf1 e2+ 40. Kxe2 Rxg1 41. Kf3 Kf5 42. b4 Re1 43. h3 Re3+ 44. Kf2 Ke4 0-1

[Event "59581 I. Budapest Open"]
[Site "Budapest, Hungary"]
[Date "2011.08.22"]
[Round "3.1"]
[White "Koczo, Kristof"]
[Black "Szatmari, David"]
[Result "1-0"]
[WhiteElo "2242"]
[BlackElo "2021"]
[PlyCount "111"]
[EventDate "2011.??.??"]
 
1. d4 Nf6 2. c4 g6 3. Nc3 Bg7 4. e4 d6 5. h3 O-O 6. Bg5 c5 7. d5 e6 8. Bd3 exd5
9. cxd5 Nbd7 10. Nf3 Re8 11. O-O a6 12. a4 Qc7 13. Re1 Rb8 14. a5 h6 15. Bf4
Nh5 16. Bh2 Ne5 17. Nxe5 Bxe5 18. Bxe5 Rxe5 19. Qd2 g5 20. Be2 Nf4 21. Bg4 Qe7
22. f3 Qf6 23. Ne2 Nxe2+ 24. Rxe2 Bxg4 25. hxg4 Kg7 26. Rf1 Rbe8 27. Ref2 Qf4
28. Qxf4 gxf4 29. Rc2 h5 30. gxh5 Rxh5 31. b4 cxb4 32. Rb1 f5 33. Rxb4 fxe4 34.
fxe4 Kf6 35. Rcc4 Re7 36. Kf2 Rg5 37. Rc8 Reg7 38. Rf8+ Ke7 39. Rxf4 Rxg2+ 40.
Ke3 Ke8 41. Rf6 R7g3+ 42. Kf4 Rg7 43. Rxd6 Ra2 44. Rdb6 Rxa5 45. Rxb7 Rg1 46.
Rh7 Rb5 47. Rc4 Kd8 48. Rcc7 Rg8 49. Ra7 Kc8 50. Rxa6 Rf8+ 51. Ke5 Re8+ 52. Re6
Rf8 53. Ree7 Rb4 54. d6 Rg8 55. Kd5 Rb1 56. e5 1-0

[Event "59581 I. Budapest Open"]
[Site "Budapest, Hungary"]
[Date "2011.08.22"]
[Round "3.2"]
[White "Torok, Tamas Titusz"]
[Black "Ruck, Robert"]
[Result "1/2-1/2"]
[WhiteElo "2059"]
[BlackElo "1930"]
[PlyCount "40"]
[EventDate "2011.??.??"]
 
1. b3 d5 2. Bb2 c5 3. e3 Nc6 4. Nf3 Bg4 5. Be2 e6 6. O-O Nf6 7. c4 Be7 8. d3
O-O 9. Nbd2 d4 10. a3 e5 11. e4 Bxf3 12. Bxf3 Bd6 13. g3 Ne7 14. Bg2 Ng6 15. h4
Re8 16. h5 Nf8 17. f4 h6 18. Bh3 Ne6 19. f5 Ng5 20. Kh2 Nfh7 1/2-1/2

[Event "59581 I. Budapest Open"]
[Site "Budapest, Hungary"]
[Date "2011.08.22"]
[Round "3.3"]
[White "Szalontay, Mihaly"]
[Black "Farkas, Richard"]
[Result "1/2-1/2"]
[WhiteElo "1971"]
[BlackElo "2039"]
[PlyCount "54"]
[EventDate "2011.??.??"]
 
1. d4 Nf6 2. c4 g6 3. Nc3 d5 4. cxd5 Nxd5 5. e4 Nxc3 6. bxc3 Bg7 7. Bc4 c5 8.
Be3 Nc6 9. Ne2 Qc7 10. d5 Ne5 11. O-O O-O 12. Qb3 Bd7 13. a4 Nxc4 14. Qxc4 Rfc8
15. Rab1 a6 16. Bf4 b5 17. axb5 axb5 18. Bxc7 bxc4 19. Rb7 Ra2 20. Re1 Kf8 21.
e5 Rca8 22. h3 R2a7 23. Rxa7 Rxa7 24. d6 Ke8 25. Rb1 f6 26. Rb8+ Kf7 27. Rd8
Be6 1/2-1/2

[Event "59581 I. Budapest Open"]
[Site "Budapest, Hungary"]
[Date "2011.08.22"]
[Round "3.4"]
[White "Bodrogi, Laszlo"]
[Black "Rajcsanyi, Peter"]
[Result "0-1"]
[WhiteElo "2035"]
[BlackElo "1896"]
[PlyCount "90"]
[EventDate "2011.??.??"]
 
1. d4 Nf6 2. c4 e6 3. Nc3 Bb4 4. Qc2 O-O 5. e4 d5 6. cxd5 exd5 7. e5 Ne4 8. Bd3
f5 9. Nge2 c5 10. O-O Nc6 11. Nxd5 Be6 12. Ndf4 Bc8 13. a3 Ba5 14. Bxe4 fxe4
15. Qxc5 Bb6 16. Qc4+ Kh8 17. Be3 Bg4 18. Ne6 Bxe6 19. Qxe6 Re8 20. Qg4 Qd5 21.
Rfd1 Rad8 22. Nc3 Qb3 23. Qxe4 Ba5 24. Qb1 Bxc3 25. bxc3 Qxc3 26. Qe4 Qb3 27.
Rab1 Qa4 28. f4 b6 29. Rd2 Ne7 30. Rd3 Nd5 31. f5 Qc2 32. Rc1 Qe2 33. g3 Nf6
34. Qh4 Qxd3 35. Bg5 Rxd4 36. Bf4 Ng8 37. Qg5 Rc4 38. Re1 Re4 39. Rc1 Qd4+ 40.
Kg2 R4xe5 41. Bxe5 Qxe5 42. h4 Rf8 43. Rf1 Qb2+ 44. Kh3 Qxa3 45. h5 Qd6 0-1

[Event "59581 I. Budapest Open"]
[Site "Budapest, Hungary"]
[Date "2011.08.22"]
[Round "3.5"]
[White "Markos, Adam"]
[Black "Halak, Miklos"]
[Result "1/2-1/2"]
[WhiteElo "1942"]
[BlackElo "2033"]
[PlyCount "91"]
[EventDate "2011.??.??"]
 
1. e4 e5 2. Nf3 Nc6 3. d4 exd4 4. Bc4 Bc5 5. c3 d6 6. cxd4 Bb6 7. h3 h6 8. O-O
Nf6 9. Nc3 O-O 10. Re1 Re8 11. Bf4 Ne7 12. Qb3 Rf8 13. e5 Nh5 14. Bh2 dxe5 15.
dxe5 Ng6 16. e6 fxe6 17. Bxe6+ Kh8 18. Rad1 Qf6 19. Bxc8 Raxc8 20. Nd5 Qf7 21.
Nxb6 Qxb3 22. axb3 cxb6 23. Rd7 Rc2 24. Rb1 Nhf4 25. Bxf4 Nxf4 26. Ne1 Ne2+ 27.
Kh2 Rc1 28. Rxc1 Nxc1 29. Kg3 Ne2+ 30. Kh2 Nc1 31. Kg3 Re8 32. Nf3 Nxb3 33.
Rxb7 Re2 34. Rxa7 Rxb2 35. Ne5 Nc5 36. f3 Kh7 37. h4 h5 38. Rc7 Rc2 39. Kh3 Rc1
40. Nd7 Rh1+ 41. Kg3 Nxd7 42. Rxd7 Rb1 43. Kf4 Kh6 44. Rd6+ g6 45. g4 Rb4+ 46.
Kg3 1/2-1/2

[Event "59581 I. Budapest Open"]
[Site "Budapest, Hungary"]
[Date "2011.08.22"]
[Round "3.6"]
[White "Kozma, Gabor"]
[Black "Krizsany, Laszlo Sr"]
[Result "1/2-1/2"]
[WhiteElo "1927"]
[BlackElo "1944"]
[PlyCount "24"]
[EventDate "2011.??.??"]
 
1. e4 e6 2. d4 d5 3. Nc3 Nf6 4. e5 Nfd7 5. f4 c5 6. Nf3 cxd4 7. Nxd4 Nc6 8. Be3
a6 9. Qd2 Nxd4 10. Bxd4 Bc5 11. Be2 b5 12. O-O Bxd4+ 1/2-1/2

[Event "59581 I. Budapest Open"]
[Site "Budapest, Hungary"]
[Date "2011.08.22"]
[Round "3.7"]
[White "Kozak, Adam"]
[Black "Yip, Michael"]
[Result "0-1"]
[WhiteElo "1809"]
[BlackElo "1982"]
[PlyCount "74"]
[EventDate "2011.??.??"]
 
1. d4 d6 2. e4 Nf6 3. Nc3 Nbd7 4. Nge2 e5 5. g3 c6 6. Bg2 Be7 7. O-O O-O 8. h3
Re8 9. a4 a5 10. Re1 Bf8 11. dxe5 dxe5 12. Be3 Bc5 13. Qd2 Qb6 14. Nd1 Bxe3 15.
Nxe3 Nc5 16. Nc4 Qc7 17. Qe3 b6 18. b3 Be6 19. Nb2 Nfd7 20. Red1 Red8 21. Nc1
f6 22. Ncd3 Nb7 23. Re1 c5 24. Nc4 Bxc4 25. bxc4 Nf8 26. Nc1 Ne6 27. Na2 Nd4
28. Rac1 Nd6 29. Bf1 Qf7 30. Qd3 f5 31. Nc3 fxe4 32. Rxe4 Nf3+ 33. Kg2 Nxe4 34.
Qxe4 Nd2 35. Qe2 Kf8 36. Nd5 Rxd5 37. Rd1 Nxc4 0-1